书目信息 |
| 题名: |
轨迹
|
|
| 作者: | 赵慈庚 编著 | |
| 分册: | ||
| 出版信息: | 北京 北京出版社 1983 |
|
| 页数: | 92页 | |
| 开本: | 19cm | |
| 丛书名: | 自然科学小丛书 | |
| 单 册: | ||
| 中图分类: | O123.5 , O182.1 | |
| 科图分类: | ||
| 主题词: | 轨迹 , 几何 , 拓扑 | |
| 电子资源: | ||
| ISBN: | ||
| 000 | 00722nam2 2200301 45 | |
| 001 | 0183012158 | |
| 005 | 20040524173954.6 | |
| 010 | @dCNY0.25 | |
| 091 | @a13071.145 | |
| 100 | @a19950602d1983 em y0chiy0121 ea | |
| 101 | 0 | @achi |
| 102 | @aCN@b110000 | |
| 105 | @ay z 000yy | |
| 106 | @ar | |
| 200 | 10 | @a轨迹@Agui ji@f赵慈庚编著 |
| 210 | @a北京@c北京出版社@d1983 | |
| 215 | @a92页@d19cm | |
| 225 | 2 | @a自然科学小丛书 |
| 410 | 0 | @120010@a自然科学小丛书 |
| 606 | @a轨迹 | |
| 606 | 0 | @a几何 |
| 606 | 0 | @a拓扑 |
| 690 | @aO123.5@v3 | |
| 690 | @aO182.1 | |
| 701 | 0 | @a赵慈庚@Azhao ci geng@4编著 |
| 801 | 0 | @aCN@b上海图书馆@c20040524 |
| 801 | 2 | @aCN@bNLC@c20040524 |
| 905 | @f4@b82754-757@dO182.1@e5 | |
| 轨迹/赵慈庚编著.-北京:北京出版社,1983 |
| 92页;19cm.-(自然科学小丛书) |
| ISBN :CNY0.25 |
| ● |
| 相关链接 |
|
|
|
|
正题名:轨迹
索取号:O182.1/5
 
预约/预借
| 序号 | 登录号 | 条形码 | 馆藏地/架位号 | 状态 | 备注 |
| 1 | 0082754 | 000399740 | 第三借阅区/ [索取号:O182.1/5] | 在馆 | |
| 2 | 0082755 | 000399777 | 第三借阅区/ [索取号:O182.1/5] | 在馆 | |
| 3 | 0082756 | 000399759 | 第三借阅区/ [索取号:O182.1/5] | 在馆 | |
| 4 | 0082757 | 000399786 | 第三借阅区/ [索取号:O182.1/5] | 在馆 | |
| 5 | 0082758 | 000399811 | 第二样本阅览室/ [索取号:O182.1/5] | 在馆 |